| 000 | 00652cam a2200205 a 4500 | ||
|---|---|---|---|
| 005 | 20250801132513.0 | ||
| 008 | 860528s1985 enka 001 0 eng | ||
| 020 | _a713141786 | ||
| 040 |
_aKABLIB _cKABLIB _erda |
||
| 082 | 0 | 0 |
_a614.1 _223 _bSIM |
| 100 | 1 |
_aSimpson, Keith, _d1907-1985. _914592 |
|
| 245 | 1 | 0 |
_aForensic medicine / _cKeith Simpson with Bernard Knight. |
| 250 | _a6th ed. | ||
| 260 |
_aLondon ; _bEdward Arnold (Publishers) Ltd, _cc1969. |
||
| 300 |
_avii, 361 p. : _bill. ; _c23 cm. |
||
| 500 | _aIncludes index. | ||
| 650 | 0 |
_aMedical jurisprudence. _914593 |
|
| 650 | 0 |
_aMedical jurisprudence _zGreat Britain. _914594 |
|
| 942 |
_2ddc _cBOOK |
||
| 999 |
_c5764 _d5764 |
||